HBF regional survey of house builders (Record no. 78939)

MARC details
000 -LEADER
fixed length control field 01212cab a22002055a 4500
001 - CONTROL NUMBER
control field L138633
008 - FIXED-LENGTH DATA ELEMENTS--GENERAL INFORMATION
fixed length control field 070314e2007 xxk 000 0 eng d
035 ## - SYSTEM CONTROL NUMBER
System control number (Sirsi) u138633
041 ## - LANGUAGE CODE
Language code of text/sound track or separate title eng
110 2# - MAIN ENTRY--CORPORATE NAME
Corporate name or jurisdiction name as entry element Home Builders Federation
9 (RLIN) 4896
245 ## - TITLE STATEMENT
Title HBF regional survey of house builders
Remainder of title April 2007
260 ## - PUBLICATION, DISTRIBUTION, ETC.
Date of publication, distribution, etc. 2007
490 ## - SERIES STATEMENT
Series statement Housing Market Report
Volume/sequential designation (180) May 2007, 7-11(5)
520 ## - SUMMARY, ETC.
Summary, etc. Finds that trends in site visitors, net reservations, new home prices and use of sales incentives have been very steady in recent months. Higher interest rates have not dampened new home demand. Visitors were lower than a year ago for the fourth successive month. Net reservations were higher than a year previously for the third month in succession. Visitors fell modestly, but net reservations rose modestly. New home prices continued to rise quite strongly, with house builders making greater use of sales incentives. Housebuilders are optimistic about prospects for new home sales in 2007. Tables and graphs.
590 ## - LOCAL NOTE (RLIN)
Local note KA
650 24 - SUBJECT ADDED ENTRY--TOPICAL TERM
Topical term or geographic name entry element HBF REGIONAL SURVEY OF HOUSE BUILDERS
651 #4 - SUBJECT ADDED ENTRY--GEOGRAPHIC NAME
Geographic name England and Wales
Chronological subdivision 1543-
690 ## - LOCAL SUBJECT ADDED ENTRY--TOPICAL TERM (OCLC, RLIN)
Topical term or geographic name as entry element PROPERTY-RESIDENTIAL PROPERTY-RESIDENTIAL PROPERTY MARKET
942 ## - ADDED ENTRY ELEMENTS (KOHA)
Suppress in OPAC 0
Holdings
Withdrawn status Lost status Source of classification or shelving scheme Damaged status Not for loan Home library Current library Shelving location Date acquired Total Checkouts Full call number Barcode Date last seen Copy number Price effective from Koha item type
    Dewey Decimal Classification     London London Journal article 27/06/2007   L138633 138633-1001 06/08/2019 1 06/08/2019 Journal article